Flexibility in natural gas supply and demand
Uložené v:
| Médium: | Kniha |
|---|---|
| Jazyk: | English |
| Vydavateľské údaje: |
Paris
OECD/IEA
2002
|
| Predmet: | |
| Tagy: |
Žiadne tagy, Buďte prvý, kto otaguje tento záznam!
|
MARC
| LEADER | 00000nam a2200000 4500 | ||
|---|---|---|---|
| 001 | c142737 | ||
| 005 | 20221124094505.3 | ||
| 020 | |a 92-64-19938-1 | ||
| 041 | 0 | |a eng | |
| 044 | |a FR | ||
| 245 | 1 | 0 | |a Flexibility in natural gas supply and demand |
| 264 | 1 | |a Paris |b OECD/IEA |c 2002 | |
| 300 | |a 273 s. | ||
| 610 | 2 | 0 | |a palivá |
| 610 | 2 | 0 | |a plyn zemný |
| 610 | 2 | 0 | |a dopyt |
| 610 | 2 | 0 | |a ponuka |
| 610 | 2 | 0 | |a flexibilita |
| 610 | 2 | 0 | |a trh |
| 610 | 2 | 0 | |a liberalizácia |
| 610 | 2 | 0 | |a Severná Amerika |
| 610 | 2 | 0 | |a Európa |
| 610 | 2 | 0 | |a Tichomorie |
| 610 | 2 | 0 | |a svet |
| 610 | 2 | 0 | |a OECD |
| 610 | 2 | 0 | |a IEA |